000 00636nam a2200205Ia 4500
008 140626s9999 xx 000 0 und d
100 _aEngoren, Cynthia.
245 4 _aThe development and testing of the nurses' cardiac triage instrument /
_cCynthia Engoren ... [et al.].
260 _cc2013.
300 _a27 : 1, page 9
440 _aResearch and Theory for Nursing Practice
521 _aNUR
650 _aCardiac triage instrument.
650 _aInstrument development.
650 _aNurses' cardiac triage decision.
650 _aPsychometric testing.
650 _aQuestionnaire.
650 _aScale.
942 _cSE
999 _c121388
_d121388